L'Infant travessa el mirall / a cura de l'Assessorato per l'Istruzione, Escola bressol i parvulari. Ajuntament de Reggio Emilia ; traducció de Teresa Duran
Descripción Física:
56 p. : il. ; 22 cm
Colección:
Temes d'infància : educar de 0 a 6 anys ; 7
MARC
| LEADER | 00000nam a2200000Ia 4500 | ||
|---|---|---|---|
| 001 | 8327 | ||
| 008 | 160829s1988 xx 000 0 cat d | ||
| 080 | |a E-1-188 | ||
| 245 | |a L'Infant travessa el mirall / a cura de l'Assessorato per l'Istruzione, Escola bressol i parvulari. Ajuntament de Reggio Emilia ; traducció de Teresa Duran | ||
| 260 | |a Barcelona : |b A.A.P.S.A. Rosa Sensat : |b Diputació de Barcelona, |c 1988 | ||
| 300 | |a 56 p. : |b il. ; |c 22 cm | ||
| 490 | |a Temes d'infància : educar de 0 a 6 anys ; 7 | ||
| 650 | |a Educació infantil |9 29154 | ||
| 650 | |a Ensenyament preescolar |9 33461 | ||
| 650 | |a Miralls en l'ensenyament I |9 33462 | ||
| 650 | |a Educació |x Experiències |x Itàlia |9 33463 | ||
| 700 | |a Reggio Emilia. Assessorato per l'Istruzione |9 33464 | ||
| 700 | |a Duran, Teresa |9 66132 | ||
| 710 | 2 | |a Rosa Sensat (Associació) |9 54183 | |
| 901 | |a Arxiu | ||
| 942 | |n 1 | ||
| 952 | |0 0 |1 0 |4 0 |6 E1188 |7 1 |9 46302 |a Arxiu |b Arxiu |d 2016-12-01 |l 0 |o E-1-188 |p 8327 |r 2016-12-01 00:00:00 |w 2016-12-01 |y ARXIU | ||
| 999 | |c 49809 |d 49809 | ||